00933nam a2200217 a 450000100100000000500170001000800410002702000150006804000250008310000360010824501330014426000710027730000260034849000470037450400190042170000390044071000600047983000540053995201050059399900170069800004107620201002034611.0130917s1992 sp 000 0 spa d a8400072138 aDO-SdBNPbspacBNPHU1 aBaquero Goyanes, Mariano92122213aEl cuento Español :bDel romanticismo al realismo /cMariano Baquero Goyanes ; edición revisada por Ana L. Baquero Escudero. aMadrid :bConsejo Superior de Invesigaciones Científicas,c1992. aXII, 287 p. ;c25 cm.1 aBiblioteca de Filología Hispánica ;v6 aBibliografía1 aBaquero Escudero, Ana Luisa9675802 aConsejo Superior de Invesigaciones Científicas96747410a: Biblioteca de Filología Hispánican6967581 001050718MOaGRbGRcCTd2013-09-17iLF1l0o p41076-10r2020-06-25w2020-06-25y1ZNo se presta c40566d40566